000 03169nam a22002417a 4500
003 BJBSDDR
005 20260511182529.0
006 a|||||r|||| 00| 0
007 ta
008 260511s20182017nyu|||||r|||| 00| 0 eng d
020 _a9780143110910
040 _bspa
_cBJBSDDR
041 _aeng
050 _bS241b 2018
100 1 _aSapolsky, Robert Morris,
_d1957-
_96097
245 1 0 _a Behave :
_bthe biology of humans at our best and worst /
_cRobert M. Sapolsky.
260 _aNew York :
_bPenguin Books,
_c 2018
300 _a790 pages :
_billustrations ;
_c22 cm
500 _a "First published in the United States of America by Penguin Press, an imprint of Penguin Random House LLC, 2017"--Title verso page
520 _aWhy do we do the things we do? Over a decade in the making, this game-changing book is Robert Sapolsky's genre-shattering attempt to answer that question as fully as perhaps only he could, looking at it from every angle. Sapolsky's storytelling concept is delightful but it also has a powerful intrinsic logic: he starts by looking at the factors that bear on a person's reaction in the precise moment a behavior occurs, and then hops back in time from there, in stages, ultimately ending up at the deep history of our species and its evolutionary legacy. And so the first category of explanation is the neurobiological one. A behavior occurs--whether an example of humans at our best, worst, or somewhere in between. What went on in a person's brain a second before the behavior happened? Then Sapolsky pulls out to a slightly larger field of vision, a little earlier in time: What sight, sound, or smell caused the nervous system to produce that behavior? And then, what hormones acted hours to days earlier to change how responsive that individual is to the stimuli that triggered the nervous system? By now he has increased our field of vision so that we are thinking about neurobiology and the sensory world of our environment and endocrinology in trying to explain what happened. Sapolsky keeps going: How was that behavior influenced by structural changes in the nervous system over the preceding months, by that person's adolescence, childhood, fetal life, and then back to his or her genetic makeup? Finally, he expands the view to encompass factors larger than one individual. How did culture shape that individual's group, what ecological factors millennia old formed that culture? And on and on, back to evolutionary factors millions of years old. The result is one of the most dazzling tours d'horizon of the science of human behavior ever attempted, a majestic synthesis that harvests cutting-edge research across a range of disciplines to provide a subtle and nuanced perspective on why we ultimately do the things we do ... for good and for ill. Sapolsky builds on this understanding to wrestle with some of our deepest and thorniest questions relating to tribalism and xenophobia, hierarchy and competition, morality and free will, and war and peace. Wise, humane, often very funny, Behave is a towering achievement, powerfully humanizing, and downright heroic in its own right.
942 _2lcc
_n0
_cBK
946 _illh
999 _c127052
_d127052